MDQL
is popping MORE tags! Check the
thread
!
Quizzes
Events
Quiz Creation
Community
Videos
Private Events
Remove Ads
Sign In
Join for FREE
Feedback
Dark Mode
Quiz Categories
Sports
Geography
Music
Movies
Television
Just For Fun
Miscellaneous
History
Literature
Language
Science
Gaming
Entertainment
Religion
Holiday
For Kids
Quiz Lab
Recent
Popular Today
Quiz Kudos Today
Editor Picks
Curator Picks
Quizzes by...
Day
Popularity
Type
Ratings
Length
Year
Community
Subscriptions
Recent Discussions
Orange Saloon
Badges
Playlists
Quests
Create
Leaderboards
Showdown
Live 5
Trivia Bingo
Activity
Puzzle Library
Sporcle Events
Private Events
Virtual Trivia
Globe League
Become a Host
Pub Owners
SporcleCon
Opinionation
Our Games
Videos
Blog
Mobile Apps
Partnerships
Remove Ads and Go Orange
Feedback
Music
Pop Music
The Beatles
Song
Album
Lyrics
Bands
Singers
Artist
Clip
Rock
Rap
Classical
Billboard
Country Music
Kpop
Taylor Swift
Music
Pop Music
The Beatles
Song
Album
Lyrics
Bands
Singers
Artist
Clip
Rock
Rap
Classical
Billboard
Country Music
Kpop
Taylor Swift
Random Quiz
Search Sporcle
×
Quiz Lab
Quiz Lab
Music
Song
Type in answers that appear in a list
Type in answers that appear in a list
Classic
Best Score? Go Orange.
Missing Word: Michael Jackson Songs Stats
Can you name the Michael Jackson's Songs?
By
H0limkill
7m
60 Questions
1,702 Plays
1,702 Plays
1,702 Plays
Comments
Comments
Give Quiz Kudos
Give Quiz Kudos
-
- Ratings
hide this ad
Forced Order
Answers have to be entered in order
Answers have to be entered in order
Random Order
Randomize order of answers
Randomize order of answers
Replay
Link that replays current quiz
Next Quiz
Link to next quiz in quiz playlist
You Got
0%
They Got
Avg Score
59%
Avg Friend Score
Upgrade to see
Score Distribution
Jump to the score distribution portion of the page
Score
0/60
Timer
07:00
0
Plays Today
Title
Missing Word
% Correct
_
_
_
_
Criminal
Smooth
89.4%
Black Or _
_
_
_
White
89.2%
Man In The _
_
_
_
Mirror
89.1%
_
_
_
_
Jean
Billie
88.8%
P.Y.T. ( Pretty _
_
_
_
Thing )
Young
88.2%
The Way You Make Me _
_
_
_
Feel
87.8%
You Rock My _
_
_
_
World
86.7%
Dirty _
_
_
_
Diana
86.1%
I _
_
_
_
Can't Stop Loving You
Just
85.2%
Wanna Be _
_
_
_
Somethin'
Startin'
84.4%
They Don't _
_
_
_
About Us
Care
83%
Off The _
_
_
_
Wall
82.7%
_
_
_
_
Nature
Human
82.5%
You Are Not _
_
_
_
Alone
82.4%
Rememeber The _
_
_
_
Time
82.1%
_
_
_
_
Me Alone
Leave
82%
_
_
_
_
It
Beat
78.9%
Another _
_
_
_
Of Me
Part
77.1%
_
_
_
_
With You
Rock
75.9%
Will You Be _
_
_
_
There
73.8%
Rockin' _
_
_
_
Robin
72.7%
People Make the World Go _
_
_
_
Round
71.9%
_
_
_
_
The World
Heal
70.6%
_
_
_
_
Song
Earth
70.4%
She _
_
_
_
Me Wild
Drives
67.6%
You Can _
_
_
_
On My Shoulder
Cry
66.9%
_
_
_
_
Demon
Speed
65.9%
We've Got A _
_
_
_
Thing Going
Good
65%
Stranger In _
_
_
_
Moscow
64.2%
Music & _
_
_
_
Me
59.3%
Title
Missing Word
% Correct
_
_
_
_
Day And Night
Workin'
57.9%
Get On The _
_
_
_
Floor
57.9%
Keep The _
_
_
_
Faith
54.8%
The _
_
_
_
In My Life
Lady
54.7%
Come _
_
_
_
Together
52.1%
Don't _
_
_
_
Away
Walk
51.8%
Why You Wanna _
_
_
_
On Me
Trip
51.6%
Just Good _
_
_
_
Friends
51.5%
One _
_
_
_
In Your Life
Day
50.7%
Tabloid _
_
_
_
Junkie
50.7%
_
_
_
_
Can Wait
Heaven
49.4%
In The _
_
_
_
Closet
49.3%
_
_
_
_
This Disco Out
Burn
49.2%
With A Child's _
_
_
_
Heart
49.1%
2000 _
_
_
_
Watts
47.8%
2 _
_
_
_
Bad
47.6%
_
_
_
_
Is It
Who
42.3%
Little _
_
_
_
Susie
41.9%
The Lost _
_
_
_
Children
40.1%
The Greatest _
_
_
_
On Earth
Show
37.1%
_
_
_
_
Is Here and Now You're Gone
Love
33.5%
_
_
_
_
Michael
Dear
32%
Dapper _
_
_
_
Dan
32%
I'll Come _
_
_
_
To You
Home
27.7%
Everybody's Somebody's _
_
_
_
Fool
26.4%
_
_
_
_
Stay Awhile
Cinderella
17.9%
Morning _
_
_
_
Glow
17.9%
In Our _
_
_
_
Way
Small
17.6%
_
_
_
_
Raven
Johnny
15.2%
_
_
_
_
Again
Up
10%
Quiz Playlist
Details
Report
Send in Message
Add To Playlist
Classic:
Type in answers that appear in a list
Forced Order:
Answers have to be entered in order
Random Order:
Randomize order of answers
Last Updated: Feb 16, 2017
Quiz Scoreboard
CHALLENGE
Sign Up to Join the Scoreboard
Show All
Scores
Hide
Comments
May contain spoilers
Recently Published
Colored Red Africa Blitz
by spor1
Geography
30s
Find the 'City' Movie
by crazypaving
Movies
60s
5x2 Blitz: Bands
by SL_Kpop136
Music
30s
More to Explore
Quiz From the Vault
Featured Blog Post
14 Easter Pick-up Lines to Find Eggs With
hide this ad
You Might Also Like...
Tags
Song Quiz
fill-in-the-blank
jackson
michael
Michael Jackson
Today's Top Quizzes in Music
Browse Music
hide this ad
Today's Top Quizzes in Song
Browse Song
Top Contributed Quizzes in Music
1
5X2 Blitz: Bands II
2
5X2 Blitz: The Beatles
3
Taylor Swift All Songs (2024)
4
5X2 Blitz: Billboard
5
Taylor Swift Logic Puzzle II
6
5X2 Blitz: Billboard II
7
5X2 Blitz: Singers
8
5X2 Blitz: Album
9
5X2 Blitz: Rock
10
5X2 Blitz: Lyrics
Explore More
Trending Topics
NBA
Kpop
Crossword
Anime
Marvel
Disney
Harry Potter
The Office
Song
NFL
Puzzle
Soccer
Country
WWE
Pokémon
hide this ad
More By:
H0limkill
Quiz
Plays
Rating
Category
Featured
Created
Movie Tidbits from Clips
92,369
4.66
Movies
Mar 12, 2011
Tennis 4+ Wins In Major Tournaments (Men)
67,813
3.67
Sports
Jan 17, 2011
Missing Word: Action Comedies
33,526
4.28
Just For Fun
Jun 13, 2011
Artist By Music Clip
21,982
4.53
Music
Jul 22, 2010
Top Actors/Directors of IMDb's Top 250
13,077
4.50
Movies
Oct 1, 2010
Go to Creator's Profile
Score Distribution
Quiz Creator Spotlight
H0limkill
Follow
Send a Message
Quizzes Created
-
Created Quiz Play Count
-
More By This Creator
Popular Quizzes Today
1
Colored Red Africa Blitz
2
Find the 'City' Movie
3
5x2 Blitz: Bands
4
Find the US States - No Outlines Minefield
5
The Countries of the World
6
Find the US States
7
US States
8
Find the Countries of Europe - No Outlines Minefield
More Music Quizzes
Songs by Text Message
Published
Trending Quizzes
Colored Red Europe Blitz I
Colored Red Europe Blitz II
Colored Red Africa Blitz II
Colored Red Europe Blitz III
Colored Red Africa Blitz III
Recently Updated
How Do You Spell That?
pecheneg
Godzilla Movies
pecheneg
Grab Bag: 4-10 Letters
pecheneg
2024 March Madness Bracket
pecheneg
Famous TV Couples
Peacemaker
Champions League XIs: Real Madrid
pecheneg
Largest US Cities 1790-2010
pecheneg
Rides in Walt Disney World
pecheneg
Most Oscar Losses (Acting)
pecheneg
Beyoncé Albums
pecheneg
Trending Topics
NBA
Anime
Disney
Harry Potter
Kpop
Crossword
Marvel
Song
NFL
Puzzle
The Office
Soccer
Pokémon
Country
WWE
Your Account Isn't Verified!
In order to create a playlist on Sporcle, you need to verify the email address you used during registration. Go to your
Sporcle Settings
to finish the process.
Report this User
Report this user for behavior that violates our
Community Guidelines
.
Details:
Send Report
Go to the Sporcle.com Mobile Site →
Comments